<?xml version="1.0" encoding="UTF-8"?>
<record
    xmlns:xsi="http://www.w3.org/2001/XMLSchema-instance"
    xsi:schemaLocation="http://www.loc.gov/MARC21/slim http://www.loc.gov/standards/marcxml/schema/MARC21slim.xsd"
    xmlns="http://www.loc.gov/MARC21/slim">

  <leader>02325nam a22002297a 4500</leader>
  <controlfield tag="008">250516b        |||||||| |||| 00| 0 eng d</controlfield>
  <datafield tag="020" ind1=" " ind2=" ">
    <subfield code="a">9780262544122</subfield>
  </datafield>
  <datafield tag="040" ind1=" " ind2=" ">
    <subfield code="c">tbs</subfield>
  </datafield>
  <datafield tag="041" ind1=" " ind2=" ">
    <subfield code="a">eng</subfield>
  </datafield>
  <datafield tag="050" ind1=" " ind2=" ">
    <subfield code="a">RA638</subfield>
    <subfield code="b">.V2982 2017</subfield>
  </datafield>
  <datafield tag="245" ind1=" " ind2=" ">
    <subfield code="a">Vaccination ethics and policy</subfield>
    <subfield code="b">: an introduction with readings</subfield>
    <subfield code="c">/ edited by Jason L. Schwartz and Arthur L. Caplan.</subfield>
  </datafield>
  <datafield tag="260" ind1=" " ind2=" ">
    <subfield code="a">Cambridge, MA : </subfield>
    <subfield code="b">The MIT Press, </subfield>
    <subfield code="c">2017.</subfield>
  </datafield>
  <datafield tag="300" ind1=" " ind2=" ">
    <subfield code="a">xxii, 432 pages ; </subfield>
    <subfield code="c">24 cm.</subfield>
  </datafield>
  <datafield tag="490" ind1=" " ind2=" ">
    <subfield code="a">Basic bioethics</subfield>
  </datafield>
  <datafield tag="520" ind1=" " ind2=" ">
    <subfield code="a">A comprehensive overview of important and contested issues in vaccination ethics and policy by experts from history, science, policy, law, and ethics.

Vaccination has long been a familiar, highly effective form of medicine and a triumph of public health. Because vaccination is both an individual medical intervention and a central component of public health efforts, it raises a distinct set of legal and ethical issues&#x2014;from debates over their risks and benefits to the use of government vaccination requirements&#x2014;and makes vaccine policymaking uniquely challenging. This volume examines the full range of ethical and policy issues related to the development and use of vaccines in the United States and around the world. Forty essays, articles, and reports by experts in the field look at all aspects of the vaccine life cycle. After an overview of vaccine history, they consider research and development, regulation and safety, vaccination promotion and requirements, pandemics and bioterrorism, and the frontier of vaccination. 
 
The texts cover such topics as vaccine safety controversies; the ethics of vaccine trials; vaccine injury compensation; vaccine refusal and the risks of vaccine-preventable diseases; equitable access to vaccines in emergencies; lessons from the eradication of smallpox; and possible future vaccines against cancer, malaria, and Ebola.
 
The volume intentionally includes texts that take opposing viewpoints, offering readers a range of arguments. The book will be an essential reference for professionals, scholars, and students.</subfield>
  </datafield>
  <datafield tag="650" ind1=" " ind2="0">
    <subfield code="a">Vaccination</subfield>
    <subfield code="x">Ethics</subfield>
    <subfield code="9">25258</subfield>
  </datafield>
  <datafield tag="650" ind1=" " ind2="0">
    <subfield code="a">Health policy</subfield>
    <subfield code="9">25259</subfield>
  </datafield>
  <datafield tag="655" ind1=" " ind2="0">
    <subfield code="a">Collected works</subfield>
    <subfield code="9">25260</subfield>
  </datafield>
  <datafield tag="700" ind1=" " ind2=" ">
    <subfield code="a">Schwartz, Jason </subfield>
    <subfield code="q">Jason Lee</subfield>
    <subfield code="9">25256</subfield>
    <subfield code="e">editor</subfield>
  </datafield>
  <datafield tag="700" ind1=" " ind2=" ">
    <subfield code="a">Caplan, Arthur L.</subfield>
    <subfield code="c">Caplan, Arthur L.</subfield>
    <subfield code="e">editor</subfield>
  </datafield>
  <datafield tag="942" ind1=" " ind2=" ">
    <subfield code="2">lcc</subfield>
  </datafield>
  <datafield tag="952" ind1=" " ind2=" ">
    <subfield code="0">0</subfield>
    <subfield code="1">0</subfield>
    <subfield code="2">lcc</subfield>
    <subfield code="4">0</subfield>
    <subfield code="7">0</subfield>
    <subfield code="a">TBS</subfield>
    <subfield code="b">TBS</subfield>
    <subfield code="d">2025-05-16</subfield>
    <subfield code="l">0</subfield>
    <subfield code="o">RA638 SCH</subfield>
    <subfield code="p">B05753</subfield>
    <subfield code="r">2025-05-16</subfield>
    <subfield code="t">1</subfield>
    <subfield code="w">2025-05-16</subfield>
    <subfield code="y">1</subfield>
  </datafield>
  <datafield tag="999" ind1=" " ind2=" ">
    <subfield code="c">4674</subfield>
    <subfield code="d">4674</subfield>
  </datafield>
</record>
